000 00611nam a2200229Ia 4500
005 20250508163856.0
008 008 250505s9999 xx 000 0 eng d
020 _a0-7619-1926-0
037 _aReference
040 _aFEDL
_beng
_cFEDL
041 _aeng
_2eng
084 _a301.155, NOR
_qFEDL
100 _aNorthouse Peter G
245 0 _aLeadership: Theory and practice
250 _a2
260 _aCalifornia, USA
_bSage Publications
_c2001
300 _axviii,294p.
365 _aUSD
_b34.95
650 _aLeadership
942 _cREF
_h301.155, NOR
999 _c1385738
_d1385738